000
00215 a2200097 4500
001
4402
100
_a
Bethel,L.L
245
_a
Essentials of industrial management
260
_a
_b
Mcgrawhill
_c
090
_c
3600
_d
3600
942
_a
NUST-CAE
_c
M
_c
28892
999
_c
239475
_d
239475